Phân tâm học và thực hành sáng tạo

Giới thiệu quan điểm của các học giả lớn về phê bình phân tâm; tập hợp các bài viết của tác giả về các nhà thơ Việt Nam xưa và nay từ góc nhìn phân tâm

Bewaard in:
Bibliografische gegevens
Hoofdauteur: Bachelard, G.
Andere auteurs: J. Bellemin - Noel, Nguyễn Khắc Viện, Nguyễn Châu, Đỗ Lai Thúy (Biên soạn)
Formaat: Boek
Taal:Vietnamese
Gepubliceerd in: H. Hà Nội ; Công ty Tri thức Văn hóa Sách Việt Nam 2021
Onderwerpen:
Tags: Voeg label toe
Geen labels, Wees de eerste die dit record labelt!
Thư viện lưu trữ: Thư viện Trường Đại học Nam Cần Thơ
LEADER 01257nam a22002417a 4500
001 NCT_4_018578
008 250510b xxu||||| |||| 00| 0 vie d
999 |c 8897  |d 8897 
020 |a 9786043391381  |c 199000 
082 0 4 |2 23rd ed.  |a 150.195  |b B119 
100 1 |a Bachelard, G. 
245 1 0 |a Phân tâm học và thực hành sáng tạo  |c G. Bachelard, J. Bellemin - Noel, Nguyễn Khắc Viện... ; Đỗ Lai Thúy (Biên soạn) 
260 |a H.  |b Hà Nội ; Công ty Tri thức Văn hóa Sách Việt Nam  |c 2021 
300 |a 461 tr.  |c 22cm 
520 3 |a Giới thiệu quan điểm của các học giả lớn về phê bình phân tâm; tập hợp các bài viết của tác giả về các nhà thơ Việt Nam xưa và nay từ góc nhìn phân tâm 
653 |a Quan hệ công chúng 
700 1 |a J. Bellemin - Noel 
700 1 |a Nguyễn Khắc Viện 
700 1 |a Nguyễn Châu 
700 1 |a Đỗ Lai Thúy  |e Biên soạn 
942 |2 ddc  |c BK 
952 |0 0  |1 0  |2 ddc  |4 0  |6 150_195000000000000_B119  |7 0  |9 30616  |a 000001  |b 000001  |d 2025-05-12  |o 150.195 B119  |p MD.23853  |r 2025-05-12  |v 199000.00  |w 2025-05-12  |y BK 
980 |a Thư viện Trường Đại học Nam Cần Thơ